| Tag |
First Indicator |
Second Indicator |
Subfields |
| LEADER |
00000cam a2200000 a 4500 |
| 001 |
in00001411684 |
| 007 |
he bmb024bbca |
| 008 |
980512s1996 mduab bbs f000 0 eng c |
| 005 |
20230331145533.9 |
| 035 |
|
|
|a (OCoLC)ocm39103220
|
| 035 |
|
|
|9 AHP9726AM
|
| 035 |
|
|
|a in00001411684
|
| 040 |
|
|
|a GPO
|c GPO
|d OCL
|d GPO
|d MvI
|d UtOrBLW
|
| 042 |
|
|
|a pcc
|
| 043 |
|
|
|a n-us-fl
|
| 049 |
|
|
|a UMIC
|
| 049 |
|
|
|a WWW
|
| 074 |
|
|
|a 0192 (MF)
|
| 074 |
|
|
|a 0192 (online)
|
| 086 |
0 |
|
|a C 55.402:F 66/VISITOR
|z C 55.402:V 82
|
| 100 |
1 |
|
|a Leeworthy, Vernon R.
|
| 245 |
1 |
0 |
|a Visitor profiles :
|b Florida Keys, Key West /
|c Vernon R. Leeworthy and Peter C. Wiley.
|
| 246 |
2 |
|
|a Visitor profiles, Florida Keys, Key West
|
| 246 |
3 |
0 |
|a Florida Keys, Key West
|
| 246 |
1 |
|
|i At head of title:
|a Linking the economy and environment of Florida Keys, Florida Bay
|
| 264 |
|
1 |
|a [Silver Spring, Md.] :
|b [U.S. Dept. of Commerce, National Oceanic and Atmospheric Administration, National Ocean Service, Office of Ocean Resources Conservation and Assessment, Strategic Environmental Assessments Division],
|c [1996]
|
| 300 |
|
|
|a xiii, 159 pages :
|b illustrations, maps ;
|c 28 cm.
|
| 336 |
|
|
|a text
|b txt
|2 rdacontent
|
| 337 |
|
|
|a microform
|b h
|2 rdamedia
|
| 338 |
|
|
|a microfiche
|b he
|2 rdacarrier
|
| 500 |
|
|
|a Cover title.
|
| 500 |
|
|
|a "November 1996."
|
| 500 |
|
|
|a Shipping list number: 98-0578-M.
|
| 504 |
|
|
|a Includes bibliographical references (page 56).
|
| 533 |
|
|
|a Microfiche.
|b [Washington, D.C.] :
|c Supt. of Docs., U.S. G.P.O.,
|d 1998
|e 2 microfiches : negative.
|
| 530 |
|
|
|a Also available via Internet from the NOAA web site. Address as of 11/5/02: http://marineeconomics.noaa.gov/SocmonFK/publications/96-25.pdf; current access is available via PURL.
|
| 530 |
|
|
|a Also available via Internet from the FAA web site. Address as of 9/28/02: ; current access is available via PURL.
|
| 500 |
|
|
|a Microform.
|
| 650 |
|
0 |
|a Tourism
|z Florida
|z Florida Keys
|v Statistics.
|
| 650 |
|
0 |
|a Tourism
|x Environmental aspects
|z Florida
|z Florida Keys.
|
| 700 |
1 |
|
|a Wiley, Peter C.
|
| 710 |
1 |
|
|a United States.
|b National Ocean Service.
|b Strategic Environmental Assessments Division.
|
| 856 |
4 |
1 |
|u https://purl.fdlp.gov/GPO/LPS23576
|z Adobe Acrobat Reader required
|t 0
|
| 999 |
|
|
|a MARS
|
| 999 |
f |
f |
|i 9a9661aa-c389-3bf0-9ac0-25802da2d786
|s d2ad420f-9890-312a-b295-fe4c73dc7f0f
|t 0
|
| 952 |
f |
f |
|p normal
|a Texas A&M University
|b College Station
|c Sterling C. Evans Library
|d Evans: US Documents Microfiche (3rd floor)
|t 0
|e C 55.402:V 82
|h Superintendent of Documents classification
|i microform -- microfiche
|m A14822775369
|
| 952 |
f |
f |
|a Texas A&M University
|b College Station
|c Electronic Resources
|d Available Online
|t 0
|e C 55.402:F 66/VISITOR
|h Superintendent of Documents classification
|
| 998 |
f |
f |
|a C 55.402:V 82
|t 0
|l Evans: US Documents Microfiche (3rd floor)
|
| 998 |
f |
f |
|a C 55.402:F 66/VISITOR
|t 0
|l Available Online
|